000 00859nam a2200241Ia 4500
003 OSt
005 20221005113334.0
006 a|||||r|||| 00| 0
007 ta
008 221004b |||||||| |||| 00| 0 pan d
020 _c175
024 _a88836
037 _b485, 09/03/2007, Manpreet Parkashan
_cTextual
040 _aCRL
_cCRL
_bpan
041 _2pan
_apan
082 _aO153:g(X:3M24), P6
100 _aਭੀਮ ਇੰਦਰ ਸਿੰਘ
245 0 _aਮਾਰਕਸਵਾਦ ਨਵ ਮਾਰਕਸਵਾਦ ਅਤੇ ਉਤਰ ਆਧੁਨਿਕਤਾਵਾਦ
260 _aਪਟਿਆਲਾ
_bਮਦਨ ਰੁੱਕ ਭਾਰਤ
_c2006
300 _a200ਪੰ
_ccm.
942 _hO153:g(X:3M24), P6
_cTEXL
_2cc
999 _c1027852
_d1027852